[Event "Ostravský koník 2014 - MÈR"]
[Site "Ostrava, CZE"]
[Date "2014.04.29"]
[Round "4"]
[White "Simacek, Pavel"]
[Black "Navara, David"]
[Result "0-1"]
[WhiteElo "2469"]
[BlackElo "2706"]
[PlyCount "62"]

1. e4 c6 2. d4 d5 3. exd5 cxd5 4. c4 Nf6 5. Nc3 Nc6 6. Nf3 Be6 7. cxd5 Bxd5 8.
Be3 e6 9. Be2 Be7 10. O-O O-O 11. a3 Qd6 12. Nb5 Qb8 13. g3 Rd8 14. Rc1 Be4 15.
Nd2 Bf5 16. Bf4 Qc8 17. Nc7 Nxd4 18. Re1 Rb8 19. Bb5 Nc6 20. Na6 bxa6 21. Rxc6
Qb7 22. Ba4 Rbc8 23. Rxc8 Qxc8 24. Qb3 Nd5 25. Be5 Nb6 26. Bc3 h6 27. Nf1 Qa8
28. Ne3 Bh3 29. Qc2 Nxa4 30. Qxa4 Rd3 31. Re2 Qf3 0-1

[Event "Ostravský koník 2014 - MÈR"]
[Site "Ostrava, CZE"]
[Date "2014.04.29"]
[Round "4"]
[White "Oral, Tomas"]
[Black "Biolek, Richard"]
[Result "1/2-1/2"]
[WhiteElo "2515"]
[BlackElo "2418"]
[PlyCount "53"]

1. e4 e5 2. Nf3 Nc6 3. Bb5 a6 4. Ba4 Nf6 5. O-O Bc5 6. c3 b5 7. Bb3 d6 8. d4
Bb6 9. a4 Rb8 10. axb5 axb5 11. Na3 O-O 12. Nxb5 Bg4 13. Bc2 Bxf3 14. gxf3 Nh5
15. f4 Nxf4 16. Bxf4 exf4 17. Qg4 Qf6 18. Ra6 Ne7 19. b4 d5 20. exd5 Nxd5 21.
Qh5 g6 22. Qxd5 c6 23. Qe5 Qxe5 24. dxe5 cxb5 25. Bb3 Rfe8 26. Re1 Kg7 27. e6
1/2-1/2

[Event "Ostravský koník 2014 - MÈR"]
[Site "Ostrava, CZE"]
[Date "2014.04.29"]
[Round "4"]
[White "Hracek, Zbynek"]
[Black "Rasik, Vitezslav"]
[Result "1-0"]
[WhiteElo "2633"]
[BlackElo "2456"]
[PlyCount "65"]

1. e4 d6 2. d4 Nf6 3. Nc3 g6 4. Be3 Bg7 5. Qd2 c6 6. Nf3 b5 7. Bd3 O-O 8. O-O
Nbd7 9. Rfe1 b4 10. Na4 Qa5 11. b3 c5 12. a3 Ng4 13. Bg5 f6 14. axb4 cxb4 15.
Bf4 e5 16. Bg3 f5 17. exf5 gxf5 18. Nc5 Qb6 19. Bc4+ Kh8 20. Ne6 f4 21. Bh4 Bb7
22. Nxf8 Rxf8 23. Be6 Ndf6 24. Ng5 f3 25. gxf3 Nh6 26. dxe5 dxe5 27. Qe3 Qc6
28. Rxa7 e4 29. fxe4 Nfg4 30. Qe2 Ne5 31. Bg3 Qb6 32. Qe3 Qxe3 33. Rxe3 1-0

[Event "Ostravský koník 2014 - MÈR"]
[Site "Ostrava, CZE"]
[Date "2014.04.29"]
[Round "4"]
[White "Kociscak, Jiri"]
[Black "Haba, Petr"]
[Result "1/2-1/2"]
[WhiteElo "2434"]
[BlackElo "2498"]
[PlyCount "50"]

1. d4 d5 2. c4 c6 3. Nc3 Nf6 4. e3 e6 5. Nf3 Nbd7 6. Qc2 Bd6 7. Bd3 dxc4 8.
Bxc4 b5 9. Be2 O-O 10. O-O a6 11. Rd1 Qc7 12. e4 e5 13. g3 Re8 14. dxe5 Nxe5
15. Nd4 Bc5 16. b4 Bxd4 17. Rxd4 Bg4 18. Bf4 Qe7 19. Rad1 Bxe2 20. Qxe2 Nc4 21.
Bd6 Nxd6 22. Rxd6 Rac8 23. R6d4 c5 24. bxc5 Rxc5 25. Qd3 h6 1/2-1/2

[Event "Ostravský koník 2014 - MÈR"]
[Site "Ostrava, CZE"]
[Date "2014.04.29"]
[Round "4"]
[White "Babula, Vlastimil"]
[Black "Lechtynsky, Jiri"]
[Result "1-0"]
[WhiteElo "2553"]
[BlackElo "2365"]
[PlyCount "101"]

1. d4 Nf6 2. c4 c6 3. Nf3 d5 4. e3 g6 5. Nc3 Bg7 6. Be2 O-O 7. O-O dxc4 8. Bxc4
Bg4 9. h3 Bxf3 10. Qxf3 Nbd7 11. Rd1 Qc7 12. e4 e5 13. d5 Nb6 14. Bb3 cxd5 15.
exd5 Qd6 16. Be3 a6 17. g4 h6 18. h4 e4 19. Qg2 Rfe8 20. g5 hxg5 21. hxg5 Nfd7
22. Nxe4 Qb4 23. Nf6+ Nxf6 24. gxf6 Bxf6 25. d6 Nc4 26. Qd5 Nxd6 27. Bd4 Re6
28. Bc5 Qg4+ 29. Qg2 Qxg2+ 30. Kxg2 Ne4 31. Bxe6 Nxc5 32. Bd5 Bxb2 33. Rab1 Be5
34. Bxf7+ Kxf7 35. Rd5 Ne6 36. Rxe5 b5 37. Rbe1 Ng7 38. Re7+ Kf6 39. Rb7 Nf5
40. Rb6+ Kg5 41. Ree6 Kf4 42. Rxa6 Rd8 43. Kf1 g5 44. Ra3 Rd2 45. Re2 Rd1+ 46.
Re1 Rd2 47. Rb1 Nd6 48. Rb4+ Kf5 49. Rf3+ Kg6 50. a3 Rd5 51. Ke2 1-0

[Event "Ostravský koník 2014 - MÈR"]
[Site "Ostrava, CZE"]
[Date "2014.04.29"]
[Round "4"]
[White "Kriebel, Tadeas"]
[Black "Zilka, Stepan"]
[Result "1/2-1/2"]
[WhiteElo "2366"]
[BlackElo "2541"]
[PlyCount "154"]

1. e4 e5 2. Nf3 Nc6 3. Bb5 Nf6 4. d3 Bc5 5. O-O d6 6. c3 a6 7. Ba4 Ba7 8. h3 h6
9. Nbd2 O-O 10. Re1 Ne7 11. Nf1 Ng6 12. Ng3 c6 13. d4 Re8 14. Bc2 Qc7 15. Be3
Be6 16. Qd2 Rad8 17. Rad1 d5 18. Nxe5 Nxe5 19. dxe5 Nxe4 20. Qc1 Bb8 21. Bf4 f5
22. Ne2 g5 23. Bh2 f4 24. Nd4 Bc8 25. f3 Nc5 26. b4 Nd7 27. Nf5 Re6 28. Kh1
Nxe5 29. Bg1 Rde8 30. Bd4 Qd8 31. Re2 Nc4 32. Rxe6 Rxe6 33. Ng7 Re7 34. Bf6 Be5
35. Bxe7 Qxe7 36. Nf5 Bxf5 37. Bxf5 Ne3 38. Bb1 Nxd1 39. Qxd1 Bxc3 40. Qd3 Bxb4
41. Qg6+ Qg7 42. Qe8+ Bf8 43. Bf5 d4 44. Kh2 c5 45. a4 Qf6 46. Bd3 Qf7 47. Qe2
Qe7 48. Qa2+ Kg7 49. Qd5 Qf7 50. Qe5+ Kg8 51. Qe2 Kh8 52. Qe5+ Qg7 53. Qe8 g4
54. hxg4 Qe7 55. Qg6 Qg7 56. Qe8 Qf6 57. Qe4 Qf7 58. Qe5+ Kg8 59. Be4 Qg7 60.
Qe6+ Kh8 61. Bd3 Qe7 62. Qg6 b5 63. axb5 axb5 64. Bxb5 d3 65. Qxd3 Qh4+ 66. Kg1
Bg7 67. Kf1 Qh1+ 68. Ke2 Qxg2+ 69. Kd1 Qg1+ 70. Kc2 Bd4 71. Qe2 Be3 72. Qd1
Qf2+ 73. Qe2 Qh4 74. Qd3 Bd4 75. Qe4 Qf6 76. Qe8+ Kg7 77. Qd7+ Qf7 1/2-1/2

[Event "Ostravský koník 2014 - MÈR"]
[Site "Ostrava, CZE"]
[Date "2014.04.29"]
[Round "4"]
[White "Svoboda, Svatopluk"]
[Black "Stocek, Jiri"]
[Result "1/2-1/2"]
[WhiteElo "2334"]
[BlackElo "2540"]
[PlyCount "37"]

1. e4 c5 2. Nf3 Nc6 3. Bb5 d6 4. O-O Bd7 5. Re1 Nf6 6. c3 a6 7. Ba4 b5 8. Bc2
Bg4 9. h3 Bxf3 10. Qxf3 g6 11. a4 Bh6 12. axb5 axb5 13. Rxa8 Qxa8 14. e5 dxe5
15. d4 Bxc1 16. dxe5 Nd7 17. e6 fxe6 18. Rxc1 Nde5 19. Qe2 1/2-1/2

[Event "Ostravský koník 2014 - MÈR"]
[Site "Ostrava, CZE"]
[Date "2014.04.29"]
[Round "4"]
[White "Sobek, Jaroslav"]
[Black "Petr, Martin"]
[Result "0-1"]
[WhiteElo "2327"]
[BlackElo "2529"]
[PlyCount "70"]

1. d4 Nf6 2. c4 g6 3. Nc3 d5 4. Bf4 Bg7 5. e3 O-O 6. Rc1 c5 7. dxc5 Be6 8. Nf3
Nc6 9. Be2 dxc4 10. Ng5 Bd7 11. Bxc4 Nh5 12. O-O Nxf4 13. exf4 Nd4 14. Re1 Bc6
15. b4 b5 16. cxb6 axb6 17. Ne2 Ba4 18. Qd3 e6 19. Nxd4 Qxd4 20. Qxd4 Bxd4 21.
Nf3 Bb2 22. Rb1 Bf6 23. Ne5 Rfd8 24. Re3 Rd4 25. Be2 Rxf4 26. g3 Rd4 27. Rc1
Rxb4 28. a3 Rb3 29. Nc4 Rxe3 30. fxe3 Bg5 31. Kf2 Rc8 32. Rb1 b5 33. Nd2 Rc5
34. g4 Re5 35. Nf1 Be7 0-1

[Event "Ostravský koník 2014 - MÈR"]
[Site "Ostrava, CZE"]
[Date "2014.04.29"]
[Round "4"]
[White "Cvek, Robert"]
[Black "Dolezal, Radoslav"]
[Result "1-0"]
[WhiteElo "2519"]
[BlackElo "2344"]
[PlyCount "49"]

1. c4 e6 2. Nc3 Bb4 3. Nf3 Nf6 4. Qc2 O-O 5. a3 Bxc3 6. Qxc3 d6 7. e3 e5 8. b4
b6 9. d4 e4 10. Nd2 c6 11. a4 a5 12. b5 c5 13. Bb2 Qe7 14. Be2 Ne8 15. dxc5
dxc5 16. Nxe4 Bb7 17. Ng3 Nd7 18. O-O-O Rd8 19. Bf3 Bxf3 20. gxf3 f5 21. Rhg1
Rf7 22. Rd5 Qh4 23. Nxf5 Qxh2 24. Rdd1 Ndf6 25. Nh6+ 1-0

[Event "Ostravský koník 2014 - MÈR"]
[Site "Ostrava, CZE"]
[Date "2014.04.29"]
[Round "4"]
[White "Svatos, Jan"]
[Black "Krejci, Jan"]
[Result "0-1"]
[WhiteElo "2306"]
[BlackElo "2518"]
[PlyCount "114"]

1. e4 c5 2. Nf3 e6 3. d4 cxd4 4. Nxd4 Nc6 5. Nc3 Qc7 6. Be2 a6 7. O-O Nf6 8.
Be3 Bb4 9. Na4 O-O 10. Nxc6 bxc6 11. f4 Rb8 12. Bf3 Be7 13. c4 d6 14. Qc2 c5
15. Rad1 Bb7 16. b3 Rbd8 17. Nc3 Nd7 18. g4 h6 19. Qg2 Rfe8 20. e5 Bxf3 21.
exd6 Bxd6 22. Qxf3 Bf8 23. Rf2 Nb8 24. Rfd2 Rxd2 25. Rxd2 Nc6 26. Kg2 Ne7 27.
f5 exf5 28. gxf5 Qe5 29. Bf2 Qxf5 30. Qxf5 Nxf5 31. Rd7 g6 32. Kf3 Bg7 33. Ne4
Nd4+ 34. Bxd4 cxd4 35. Rd6 a5 36. c5 Rc8 37. c6 Bf8 38. Rxd4 Rxc6 39. Ra4 f5
40. Nd2 Rc3+ 41. Ke2 Rh3 42. Nf3 g5 43. Rxa5 g4 44. Rxf5 gxf3+ 45. Rxf3 Rxh2+
46. Rf2 Rh4 47. Kf3 Rb4 48. Rg2+ Kh7 49. Rg4 Rb8 50. Ra4 Rb7 51. Kg4 Be7 52.
Ra6 Kg7 53. Kh5 Rb5+ 54. Kg4 h5+ 55. Kh3 Bf6 56. Ra4 Rd5 57. Kg3 Rd3+ 0-1

[Event "Ostravský koník 2014 - MÈR"]
[Site "Ostrava, CZE"]
[Date "2014.04.29"]
[Round "4"]
[White "Kislinsky, Alexey"]
[Black "Kraus, Tomas"]
[Result "1/2-1/2"]
[WhiteElo "2483"]
[BlackElo "2326"]
[PlyCount "64"]

1. e4 e6 2. d4 d5 3. Nd2 Nc6 4. Ngf3 Nf6 5. e5 Nd7 6. c3 f6 7. exf6 Qxf6 8. Bd3
Bd6 9. O-O O-O 10. Re1 e5 11. Qb3 Qf7 12. Bxh7+ Kh8 13. Qc2 Ne7 14. Nf1 e4 15.
Ng5 Qh5 16. f3 Nf6 17. Bxe4 dxe4 18. fxe4 Nh7 19. Nxh7 Qxh7 20. Bg5 c5 21. Qd2
Nc6 22. e5 Bc7 23. d5 Nxe5 24. Be7 Nc4 25. Qe2 Rf4 26. h3 Bf5 27. Bxc5 Re4 28.
Qf2 Rf4 29. Qe2 Re4 30. Qf2 Rf4 31. Qe2 Re4 32. Qf2 Rae8 1/2-1/2

[Event "Ostravský koník 2014 - MÈR"]
[Site "Ostrava, CZE"]
[Date "2014.04.29"]
[Round "4"]
[White "Plat, Vojtech"]
[Black "Adamek, Jiri"]
[Result "1/2-1/2"]
[WhiteElo "2456"]
[BlackElo "2301"]
[PlyCount "25"]

1. e4 e6 2. d4 d5 3. Nd2 c5 4. exd5 Qxd5 5. Ngf3 cxd4 6. Bc4 Qd6 7. O-O Nf6 8.
Nb3 Nc6 9. Nbxd4 Nxd4 10. Qxd4 Qxd4 11. Nxd4 a6 12. Be2 Bd6 13. Bf3 1/2-1/2

[Event "Ostravský koník 2014 - MÈR"]
[Site "Ostrava, CZE"]
[Date "2014.04.29"]
[Round "4"]
[White "Jansa, Vlastimil"]
[Black "Kulovana, Eva"]
[Result "1/2-1/2"]
[WhiteElo "2455"]
[BlackElo "2250"]
[PlyCount "40"]

1. Nf3 d5 2. g3 Nf6 3. Bg2 Bg4 4. O-O Nbd7 5. c4 c6 6. d3 e6 7. Nc3 Bd6 8. cxd5
cxd5 9. Be3 O-O 10. Qb3 Bc5 11. Bxc5 Nxc5 12. Qa3 Qb6 13. b4 Qa6 14. Qxa6 Nxa6
15. a3 Nc7 16. Ne5 Bh5 17. h3 Rfc8 18. g4 Bg6 19. Rfc1 Nfe8 20. Rc2 Nb5 1/2-1/2

[Event "Ostravský koník 2014 - MÈR"]
[Site "Ostrava, CZE"]
[Date "2014.04.29"]
[Round "4"]
[White "Malik, Jan"]
[Black "Kanovsky, David"]
[Result "1/2-1/2"]
[WhiteElo "2289"]
[BlackElo "2416"]
[PlyCount "104"]

1. e4 c5 2. Nf3 d6 3. d4 cxd4 4. Nxd4 Nf6 5. Nc3 g6 6. Bc4 Bg7 7. O-O O-O 8.
Re1 Bg4 9. Qd3 Nbd7 10. Bb3 Nc5 11. Qg3 a5 12. a4 Rc8 13. Bg5 Nxb3 14. cxb3 Be6
15. Nxe6 fxe6 16. e5 dxe5 17. Qxe5 Rc6 18. Qe2 Qb6 19. Nb5 Nd5 20. Rac1 Rf5 21.
Be3 Nxe3 22. Qxe3 Qxe3 23. fxe3 Bxb2 24. Rxc6 bxc6 25. Nd4 Bxd4 26. exd4 e5 27.
dxe5 c5 28. Rd1 Rxe5 29. Rd8+ Kf7 30. Ra8 Re3 31. Rxa5 Rxb3 32. Rxc5 Ra3 33.
Ra5 Ra2 34. h3 h5 35. Ra8 Kf6 36. a5 h4 37. a6 Ke5 38. a7 Ke4 39. Kf1 e5 40.
Kg1 Ra3 41. Kf2 Ra1 42. g4 Ra2+ 43. Kg1 g5 44. Kh1 Ke3 45. Re8 Rxa7 46. Rxe5+
Kf3 47. Rb5 Ra1+ 48. Kh2 Ra2+ 49. Kh1 Rf2 50. Rxg5 Kg3 51. Rf5 Ra2 52. Rf1 Rh2+
1/2-1/2

[Event "Ostravský koník 2014 - MÈR"]
[Site "Ostrava, CZE"]
[Date "2014.04.29"]
[Round "4"]
[White "Konopka, Michal"]
[Black "Toman, Jaroslav"]
[Result "1/2-1/2"]
[WhiteElo "2408"]
[BlackElo "2220"]
[PlyCount "133"]

1. d4 Nf6 2. Nf3 e6 3. c4 b6 4. g3 Bb7 5. Bg2 Be7 6. O-O O-O 7. Re1 Qc8 8. Bg5
Re8 9. Bxf6 Bxf6 10. e4 d6 11. Nc3 c5 12. e5 dxe5 13. dxe5 Rd8 14. Qc1 Be7 15.
Qf4 Rd7 16. Rad1 Qd8 17. Rxd7 Nxd7 18. Rd1 Bc6 19. Ne1 Bxg2 20. Kxg2 Qc7 21.
Qe4 Rd8 22. f4 a6 23. Nf3 g6 24. g4 Nb8 25. Rxd8+ Bxd8 26. Kg3 Qc6 27. Qd3 Qd7
28. Qe4 Nc6 29. Qe3 f5 30. exf6 Bxf6 31. b3 Bd4 32. Ne4 Kg7 33. Qd2 h6 34. h3
e5 35. fxe5 Bxe5+ 36. Nxe5 Qxd2 37. Nxd2 Nxe5 38. Kf4 Kf6 39. Ke4 Ke6 40. Nf1
Nf7 41. h4 Ne5 42. Ne3 b5 43. h5 gxh5 44. gxh5 bxc4 45. bxc4 a5 46. a4 Nf7 47.
Ng4 Nd6+ 48. Kd3 Nf5 49. Nf2 Ng3 50. Ne4 Nxh5 51. Nxc5+ Kd6 52. Nb7+ Kc7 53.
Nxa5 Nf6 54. Nb3 h5 55. Ke3 Nd7 56. a5 Kc6 57. Kf4 h4 58. Nd2 Kc5 59. Kg4 Nb8
60. Kxh4 Kb4 61. Kg4 Kxa5 62. Kf4 Nd7 63. Ke4 Nb6 64. c5 Kb5 65. Kd4 Na4 66.
Ne4 Nxc5 67. Nxc5 1/2-1/2

[Event "Ostravský koník 2014 - MÈR"]
[Site "Ostrava, CZE"]
[Date "2014.04.29"]
[Round "4"]
[White "Folk, Petr"]
[Black "Studnicka, Tomas"]
[Result "1/2-1/2"]
[WhiteElo "2229"]
[BlackElo "2374"]
[PlyCount "121"]

1. e4 c5 2. Nf3 Nc6 3. d4 cxd4 4. Nxd4 g6 5. Nc3 Bg7 6. Be3 Nf6 7. Bc4 O-O 8.
Bb3 Ng4 9. Qxg4 Nxd4 10. Qd1 Nc6 11. Qd2 d6 12. Bh6 Qa5 13. Bxg7 Kxg7 14. O-O-O
Be6 15. Nd5 Qxd2+ 16. Rxd2 Rac8 17. Re1 Rfe8 18. f4 Kf8 19. Kb1 Red8 20. Ne3
Bxb3 21. axb3 f6 22. c3 Kf7 23. Rf1 Rg8 24. Rd5 Ke6 25. b4 Nb8 26. Kc2 Nd7 27.
Kb3 a6 28. Ra5 Nb8 29. g3 Rc6 30. Nc2 Rc7 31. Rd5 Nd7 32. Ra5 Nb6 33. Ne3 Rgc8
34. f5+ Kd7 35. Nd5 Nc4 36. Nxc7 Nxa5+ 37. bxa5 Rxc7 38. Kc2 Rc5 39. b4 Re5 40.
fxg6 hxg6 41. Kd3 Ke6 42. c4 Rh5 43. Rf2 g5 44. Kd4 g4 45. Rf4 Rxh2 46. Rxg4
Rb2 47. Kc3 Re2 48. Kd3 Ra2 49. Rg8 Ra3+ 50. Kc2 Kd7 51. Rb8 Kc7 52. Re8 Kd7
53. Rb8 Kc7 54. Re8 e5 55. Re7+ Kc8 56. Re6 Kd7 57. Rxf6 Rxg3 58. Rf7+ Kc6 59.
Rf6 Kc7 60. Rf7+ Kc6 61. Rf6 1/2-1/2

[Event "Ostravský koník 2014 - MÈR"]
[Site "Ostrava, CZE"]
[Date "2014.04.29"]
[Round "4"]
[White "Nguyen, Thai Dai Van"]
[Black "Blatny, Pavel"]
[Result "0-1"]
[WhiteElo "2217"]
[BlackElo "2418"]
[PlyCount "102"]

1. e4 e5 2. Nf3 Nc6 3. Bb5 Nge7 4. Nc3 a6 5. Bc4 h6 6. d4 b5 7. Bxf7+ Kxf7 8.
d5 d6 9. dxc6 Be6 10. O-O Nxc6 11. Ne1 Kg8 12. Nd3 g5 13. a4 b4 14. Nd5 a5 15.
Bd2 Bg7 16. c3 bxc3 17. Bxc3 Nd4 18. Rc1 c6 19. Bxd4 cxd5 20. exd5 Bxd5 21. Be3
Bf7 22. f3 Kh7 23. b4 axb4 24. Nxb4 Be8 25. Nc6 Qf6 26. a5 Qe6 27. Bb6 d5 28.
Nb4 d4 29. Nd3 Bg6 30. Re1 Qf5 31. Nc5 Rhc8 32. Ne4 Rxc1 33. Qxc1 g4 34. fxg4
Qxg4 35. Qc6 Rc8 36. Qb7 Bxe4 37. Qxe4+ Qxe4 38. Rxe4 Rc2 39. Re1 Ra2 40. Rd1
Kg6 41. h3 Kf5 42. Rf1+ Ke6 43. Rf2 Ra4 44. Rc2 Bf8 45. Kf2 Kd5 46. Rc8 Bb4 47.
Ra8 Ra2+ 48. Kf1 Ke4 49. Kg1 d3 50. Rd8 Ra1+ 51. Kf2 Be1+ 0-1

[Event "Ostravský koník 2014 - MÈR"]
[Site "Ostrava, CZE"]
[Date "2014.04.29"]
[Round "4"]
[White "Hausner, Ivan"]
[Black "Frolik, Martin"]
[Result "1/2-1/2"]
[WhiteElo "2370"]
[BlackElo "2213"]
[PlyCount "68"]

1. e4 c5 2. Nf3 e6 3. d3 Nc6 4. g3 d6 5. Bg2 g6 6. d4 cxd4 7. Nxd4 Nxd4 8. Qxd4
e5 9. Qd3 Be6 10. O-O Rc8 11. b3 Qc7 12. c4 b5 13. Na3 bxc4 14. Nxc4 Bxc4 15.
Qxc4 Qxc4 16. bxc4 Rxc4 17. Be3 Bh6 18. Rab1 Kf8 19. Bxa7 Nf6 20. Bb8 Rc6 21.
Rfd1 Ke7 22. Rb7+ Nd7 23. Bh3 Rxb8 24. Rxd7+ Kf8 25. Rd3 Bg5 26. Ra3 Rd8 27.
Rb7 d5 28. Raa7 Rf6 29. f4 Bh6 30. Bf1 dxe4 31. Bc4 exf4 32. Rxf7+ Rxf7 33.
Rxf7+ Ke8 34. gxf4 Rd7 1/2-1/2

[Event "Ostravský koník 2014 - MÈR"]
[Site "Ostrava, CZE"]
[Date "2014.04.29"]
[Round "4"]
[White "Vrana, Frantisek"]
[Black "Freisler, Pavel"]
[Result "0-1"]
[WhiteElo "2245"]
[BlackElo "2357"]
[PlyCount "86"]

1. e4 Nf6 2. e5 Nd5 3. d4 d6 4. Nf3 Bg4 5. Bc4 dxe5 6. h3 Bxf3 7. Qxf3 e6 8.
dxe5 c6 9. O-O Nd7 10. Re1 Qc7 11. Qg3 Ne7 12. Nd2 Nf5 13. Qf4 g6 14. Nf3 Bh6
15. Qe4 Nc5 16. Qe2 Bxc1 17. Raxc1 O-O-O 18. b4 Na4 19. c3 Rd7 20. Bb3 Nb6 21.
a4 Rhd8 22. a5 Nd5 23. Qc4 Kb8 24. Ng5 h6 25. Ne4 Nf4 26. Bc2 Nd3 27. Bxd3 Rxd3
28. Nc5 R3d5 29. Qf4 g5 30. Qe4 Nh4 31. a6 b6 32. Nb7 R8d7 33. c4 Rd4 34. Qh7
Qc8 35. Qxh6 Qg8 36. Qh5 Nf5 37. Qf3 g4 38. hxg4 Nh4 39. Qh3 Rxg4 40. g3 Nf3+
41. Kg2 Rh4 42. Re3 Rxh3 43. Kxh3 Nxe5 0-1

[Event "Ostravský koník 2014 - MÈR"]
[Site "Ostrava, CZE"]
[Date "2014.04.29"]
[Round "4"]
[White "Olsarova, Karolina"]
[Black "Kuba, Jindrich"]
[Result "1-0"]
[WhiteElo "2279"]
[BlackElo "2239"]
[PlyCount "109"]

1. e4 e5 2. Nf3 Nc6 3. Bb5 a6 4. Ba4 Nf6 5. O-O b5 6. Bb3 Be7 7. Re1 O-O 8. h3
d6 9. c3 Na5 10. Bc2 c5 11. d4 Nc6 12. a4 Bb7 13. d5 Nb8 14. Nbd2 Nbd7 15. Nf1
Ne8 16. g4 g6 17. Bh6 Ng7 18. Ng3 bxa4 19. Rxa4 Nb6 20. Ra3 a5 21. Kh2 Bc8 22.
Rg1 f6 23. Nd2 Bd7 24. c4 Qc8 25. Qf1 Rf7 26. f4 exf4 27. Qxf4 Qf8 28. Rf3 Be8
29. Nf5 gxf5 30. gxf5 Bd8 31. Rfg3 Raa7 32. Bd3 Nc8 33. Nf1 Rab7 34. Kh1 a4 35.
Rg4 Ra7 36. Qd2 Ba5 37. Qg2 Rfe7 38. Qf2 Bb4 39. Ne3 a3 40. bxa3 Bxa3 41. Ng2
Rab7 42. Nf4 Bb2 43. Qe1 Kh8 44. Ne6 Rxe6 45. dxe6 Bh5 46. Rf4 Be5 47. Rff1 Qe8
48. Qh4 Na7 49. Bc2 Nc8 50. Rg2 Nb6 51. Bd1 Nxc4 52. Bxg7+ Rxg7 53. Rxg7 Kxg7
54. Bxh5 Qb5 55. e7 1-0

[Event "Ostravský koník 2014 - MÈR"]
[Site "Ostrava, CZE"]
[Date "2014.04.29"]
[Round "4"]
[White "Sikora, Jan"]
[Black "Olsarova, Tereza"]
[Result "1-0"]
[WhiteElo "2188"]
[BlackElo "2260"]
[PlyCount "115"]

1. e4 e5 2. Bc4 Nf6 3. d3 c6 4. Nf3 d5 5. Bb3 Bb4+ 6. Bd2 Bxd2+ 7. Nbxd2 a5 8.
a3 a4 9. Ba2 Nbd7 10. O-O O-O 11. Re1 Qb6 12. b4 axb3 13. Bxb3 Re8 14. Qb1 Qc7
15. Qb2 Qd6 16. a4 Nh5 17. d4 exd4 18. Qxd4 Nf4 19. e5 Qh6 20. g3 Ne6 21. Qe3
Qxe3 22. Rxe3 Ndc5 23. Ra2 b6 24. c3 Nxb3 25. Nxb3 b5 26. Nbd4 Bd7 27. Nxe6
fxe6 28. a5 c5 29. Re1 Bc6 30. Nd2 d4 31. cxd4 cxd4 32. a6 Rec8 33. Ra5 d3 34.
Rc1 Bd5 35. Rd1 b4 36. f4 b3 37. Kf2 b2 38. Rb1 Rc2 39. Ke3 Rac8 40. a7 Ba8 41.
Rb5 Kf7 42. Rb8 Bd5 43. R1xb2 R8c7 44. R2b7 Bxb7 45. Rxb7 Rxb7 46. a8=Q Rbb2
47. Qa7+ Kg8 48. Qa5 Kf7 49. Ne4 d2 50. Nxd2 Rxd2 51. Qxd2 Rxd2 52. Kxd2 g5 53.
fxg5 Kg6 54. h4 Kf5 55. Ke3 Kxe5 56. g4 Kd5 57. h5 Ke5 58. Kf3 1-0

[Event "Ostravský koník 2014 - MÈR"]
[Site "Ostrava, CZE"]
[Date "2014.04.29"]
[Round "4"]
[White "Marek, Matyas"]
[Black "Belunek, Vladimir"]
[Result "1-0"]
[WhiteElo "2110"]
[BlackElo "2252"]
[PlyCount "61"]

1. d4 d5 2. c4 c6 3. Nc3 Nf6 4. Nf3 dxc4 5. e3 Bf5 6. Bxc4 e6 7. a4 Bb4 8. O-O
O-O 9. Qe2 Bg4 10. h3 Bh5 11. g4 Bg6 12. Ne5 Nd5 13. f4 Nd7 14. f5 Nxe5 15.
dxe5 Nxc3 16. bxc3 Bxc3 17. Rb1 Bxe5 18. fxg6 hxg6 19. Ba3 Re8 20. Rxb7 Qh4 21.
Qf3 f5 22. Bb2 Bxb2 23. Rxb2 Rad8 24. Rg2 Kh8 25. Ba2 c5 26. e4 Rd4 27. exf5
gxf5 28. gxf5 exf5 29. Qxf5 Qh6 30. Bb1 Rh4 31. Qf8+ 1-0

[Event "Ostravský koník 2014 - MÈR"]
[Site "Ostrava, CZE"]
[Date "2014.04.29"]
[Round "4"]
[White "Soural, Jan"]
[Black "Voloshin, Leonid"]
[Result "1/2-1/2"]
[WhiteElo "2194"]
[BlackElo "2391"]
[PlyCount "175"]

1. d4 Nf6 2. c4 e6 3. Nc3 d5 4. cxd5 exd5 5. Bg5 c6 6. e3 Be7 7. Qc2 Bg4 8. Bd3
Bh5 9. Nge2 Bg6 10. Bxf6 Bxf6 11. O-O Be7 12. Rab1 Nd7 13. Ng3 Bxd3 14. Qxd3 g6
15. b4 a6 16. a4 Nb6 17. b5 cxb5 18. axb5 a5 19. e4 dxe4 20. Qxe4 Rc8 21. Rfe1
Rxc3 22. Qe5 O-O 23. Qxe7 Rc7 24. Qe5 Nd7 25. Qf4 Nf6 26. Ne4 Nxe4 27. Qxe4 Qd6
28. b6 Rc6 29. Qe7 Rxb6 30. Qxd6 Rxd6 31. Rxb7 Rxd4 32. Ra7 Rd5 33. g4 h5 34.
gxh5 Rg5+ 35. Kh1 Rxh5 36. Ra1 Kg7 37. R1xa5 Rh7 38. Ra2 Rfh8 39. f3 Rb8 40.
Kg2 Rhh8 41. Rc2 Rh5 42. Ra4 Rbh8 43. Kg1 Rg5+ 44. Rg2 Rb5 45. Rc2 Rb1+ 46. Kg2
Rd8 47. Raa2 Rbd1 48. Ra7 R8d5 49. Ra4 Rg5+ 50. Rg4 Ra5 51. Rb4 Raa1 52. Rbb2
Rg1+ 53. Kf2 Rg5 54. Ra2 Rh1 55. Ke3 Rf5 56. Rcb2 Kh6 57. Rg2 g5 58. Kf2 f6 59.
Kg3 Rf4 60. Rgb2 Rg1+ 61. Kf2 Rc1 62. Rc2 Rb1 63. Rcb2 Rd1 64. Rd2 Rxd2+ 65.
Rxd2 Ra4 66. Kg3 f5 67. Rd6+ Kh5 68. Rd3 f4+ 69. Kh3 Ra2 70. Rb3 Re2 71. Rb8
Rf2 72. Rb3 Ra2 73. Rc3 Ra1 74. Rb3 Rg1 75. Rb6 Re1 76. Ra6 Re3 77. Kg2 g4 78.
fxg4+ Kxg4 79. Rg6+ Kf5 80. Rg8 Re2+ 81. Kf3 Re3+ 82. Kf2 Rh3 83. Rf8+ Kg4 84.
Rg8+ Kf5 85. Rf8+ Ke5 86. Re8+ Kf6 87. Rf8+ Kg7 88. Rxf4 1/2-1/2

[Event "Ostravský koník 2014 - MÈR"]
[Site "Ostrava, CZE"]
[Date "2014.04.29"]
[Round "4"]
[White "Michenka, Jozef"]
[Black "Folková, Martina"]
[Result "1/2-1/2"]
[WhiteElo "2353"]
[BlackElo "2179"]
[PlyCount "87"]

1. c4 e6 2. g3 d5 3. Bg2 dxc4 4. Qa4+ Bd7 5. Qxc4 Bc6 6. Nf3 Nf6 7. O-O Nbd7 8.
b3 Bd5 9. Qc2 c5 10. Bb2 Be7 11. d3 O-O 12. Nbd2 b5 13. Rac1 Rc8 14. e4 Bb7 15.
Qb1 Qb6 16. d4 cxd4 17. Bxd4 Qa6 18. Rfd1 Rfd8 19. Rxc8 Rxc8 20. Bf1 Qa5 21. a4
a6 22. axb5 axb5 23. Qd3 Nc5 24. Qxb5 Qxb5 25. Bxb5 Ncxe4 26. Nxe4 Nxe4 27. Bd7
Ra8 28. Ne5 Bc5 29. Bc6 Bxc6 30. Nxc6 Bxd4 31. Rxd4 f5 32. Ne5 h6 33. Ra4 Rd8
34. Ra2 Rd1+ 35. Kg2 Rb1 36. Ra3 Nc5 37. Ra8+ Kh7 38. h4 h5 39. Rc8 Nxb3 40.
Rc6 Nd4 41. Rd6 Rb5 42. Nd3 e5 43. f4 e4 44. Ne5 1/2-1/2

[Event "Ostravský koník 2014 - MÈR"]
[Site "Ostrava, CZE"]
[Date "2014.04.29"]
[Round "4"]
[White "Vybíral, Zdenek"]
[Black "Dobrovolský, Ladislav"]
[Result "0-1"]
[WhiteElo "2167"]
[BlackElo "2334"]
[PlyCount "86"]

1. d4 e6 2. e4 d5 3. e5 c5 4. c3 Ne7 5. Nf3 Nf5 6. dxc5 Bxc5 7. Bd3 Nc6 8. O-O
O-O 9. Bf4 h6 10. h3 f6 11. Nbd2 fxe5 12. Nxe5 Qf6 13. Qe2 Nfd4 14. cxd4 Nxd4
15. Qd1 Qxf4 16. Ng6 Qf7 17. Nxf8 Bxf8 18. Nb3 Nxb3 19. Qxb3 e5 20. Rfe1 Bd6
21. Qd1 Be6 22. Qf3 Qxf3 23. gxf3 Bxh3 24. Rad1 Rd8 25. Bc2 Be6 26. Bb3 Bc7 27.
f4 e4 28. Kg2 Bf7 29. Re2 Kf8 30. Rc2 Bb6 31. Rcd2 d4 32. Bxf7 Kxf7 33. Re2 Re8
34. f3 e3 35. Kg3 Kf6 36. Kg4 g6 37. b4 h5+ 38. Kg3 Kf5 39. a4 a6 40. a5 Ba7
41. b5 axb5 42. Rb2 h4+ 43. Kxh4 Kxf4 0-1

[Event "Ostravský koník 2014 - MÈR"]
[Site "Ostrava, CZE"]
[Date "2014.04.29"]
[Round "4"]
[White "Obsivac, Josef"]
[Black "Szotkowski, Jakub"]
[Result "0-1"]
[WhiteElo "2299"]
[BlackElo "2161"]
[PlyCount "108"]

1. d4 Nf6 2. c4 c5 3. d5 b5 4. cxb5 a6 5. b6 d6 6. Nc3 Nbd7 7. Nf3 g6 8. e4 Bg7
9. a4 a5 10. Nd2 O-O 11. Be2 Nxb6 12. O-O Ne8 13. Nc4 Nxc4 14. Bxc4 Nc7 15. Bd2
Na6 16. Qe2 Nb4 17. Bg5 h6 18. Be3 Kh7 19. f4 f5 20. e5 Ba6 21. Nb5 Bxb5 22.
axb5 Qc7 23. e6 Qb7 24. Rfd1 a4 25. Ra3 Bd4 26. Kh1 Bxe3 27. Rxe3 Ra5 28. Ra3
Rfa8 29. Qd2 Rxb5 30. Bxb5 Qxb5 31. b3 Ra6 32. Rxa4 Rxa4 33. bxa4 Qxa4 34. Rb1
Qa8 35. Rd1 Qa4 36. h3 Qb3 37. Kh2 Nc2 38. Qd3 Qa4 39. g3 Nd4 40. Kh1 Qa2 41.
Qf1 Qxd5+ 42. Qg2 Qxg2+ 43. Kxg2 Kg7 44. g4 Kf6 45. Kg3 Kxe6 46. Ra1 Kd5 47.
Ra7 e5 48. fxe5 dxe5 49. Rh7 c4 50. Kf2 h5 51. gxh5 gxh5 52. Rxh5 c3 53. Ke1 c2
54. Kd2 e4 0-1